000
00276nam a22001217a 4500
008
171130b xxu||||| |||| 00| 0 eng d
041
_a
eng
080
_a
316
100
_a
50
101
_a
SOC
245
_a
HOMELESSNESS IN AMERICA, 1893-1992
_c
WHITLOCK.R.V
942
_2
udc
_c
BK
999
_c
38623
_d
38623